000 00547cab a2200205 4500
001 A233
008 090401t1983 xxu||||| |||| 00| 0 eng d
035 _a(Sirsi) u27962
041 _aeng
100 _aPearce, Daniel Norton Idris
_cSir
_d1933-
245 _aStandard measurements of real property values
260 _c1983
350 _a0
490 _aJournal of Valuation
_v1(4) 1983, 351-362(12)
650 _aVALUATION PRACTICE
650 _aVALUATION STANDARDS
690 _aRATING AND VALUATION
942 _n0
948 _c04/03/1997
999 _c18854
_d18854